[Event "Olympiad Women-45"]
[Site "Budapest"]
[Date "2024.09.14"]
[Round "4.63"]
[White "Raharimanana, Faratiana"]
[Black "Alazemi, Aisha"]
[Result "1-0"]
[WhiteElo "1815"]
[BlackElo "1539"]
[PlyCount "99"]
[EventDate "2024.09.11"]
[EventType "team-swiss"]
[EventRounds "11"]
[EventCountry "HUN"]
[SourceTitle "EXT 2025"]
[Source "ChessBase"]
[SourceDate "2024.10.14"]
[SourceVersion "1"]
[SourceVersionDate "2024.10.14"]
[SourceQuality "1"]
[WhiteTeam "Madagascar (W)"]
[BlackTeam "Kuwait (W)"]
[WhiteTeamCountry "MAD"]
[BlackTeamCountry "KUW"]

1. d4 d5 2. Nf3 Nc6 3. Bf4 Bf5 4. e3 a6 5. c4 b5 6. cxb5 axb5 7. Bxb5 Bd7 8. Bxc6 Bxc6 9. Qc2 Ra6 10. Ne5 Qa8 11. Nc3 e6 12. 0-0 Nf6 13. Rfc1 Bd6 14. h3 0-0 15. a3 Rb8 16. Bh2 Be8 17. Nd3 Bxh2+ 18. Kxh2 Qc6 19. b4 Qd6+ 20. Kg1 c6 21. Nc5 Rab6 22. N3a4 Rb5 23. Qc3 Ra8 24. Nb2 Ne4 25. Nxe4 dxe4 26. Nc4 Qe7 27. Nd2 Qh4 28. Nf1 Rg5 29. Ng3 f5 30. Qe1 Bd7 31. Rc5 Rf8 32. Re5 Be8 33. a4 Bh5 34. Nxh5 Rxh5 35. f4 Qe7 36. Rc5 Rf6 37. Rxc6 h6 38. Rac1 Rg6 39. Kh2 Qf6 40. a5 Rxg2+ 41. Kxg2 Rh4 42. a6 Rxh3 43. Kxh3 Qg6 44. Qh4 Qf7 45. Rc7 Qg6 46. a7 Qg4+ 47. Qxg4 fxg4+ 48. Kxg4 h5+ 49. Kxh5 Kh7 50. Kg5 1-0